Trouver les villes en une phrase #3 - Statistiques

Statistiques générales
  • Ce quiz a été pris 148 fois
  • Le résultat moyen est 8 sur 15
Statistiques - réponses
Hint Réponse % Correct
Si je vous dit "Sur le pont .........." Avignon
96%
Le parc d'attraction Futuroscope situe chez moi Poitiers
83%
J'ai le même nom qu'une ville en Espagne, je suis chef-lieu de la Drôme Valence
80%
Je suis célèbre pour mon sel Guérande
64%
Ma ville est une arrivée d'une course célèbre dans le monde du cyclisme Roubaix
61%
J'ai était l'hôte des JO d'hiver en 1992 Albertville
58%
Je suis célèbre pour mes calissons Aix-En-Provence
50%
Je suis le chef-lieu des Vosges Epinal
49%
Je suis le chef-lieu de la Dordogne Périgueux
49%
Je suis le chef-lieu du premier département dans l'ordre alphabétique Bourg-en-Bresse
48%
Au printemps, je célèbre la fête des citrons Menton
48%
Mon club de foot est nommé les Chamois Niort
48%
Je possède un grand festival de film américain Deauville
45%
Le départ du Vendée Glob se situe chez moi Les Sables d'Olonne
32%
Je possède une des plus belle plage d'Europe La Baule
13%
Aucun quiz correspondant
Distribution des résultats
% des personnes avec chaque résultat
Percentile par nombre de réponses
Votre historique - résultats
Vous n’avez pas pris ce quiz